000 00312nam a2200133Ia 4500
100 _aHeizer/Jay/ Render/Barry
942 _cRB
654 _aproduction
245 _aProduction and Operation Management
260 _bAllyn and Bacon
_aBoston
_c1988
082 _a658.5
_bHEI
300 _a815
546 _aENGLISH
999 _c22413
_d22413